La psicología individual de Alfred Adler : (Record no. 49637)

MARC details
000 -CABECERA
campo de control de longitud fija 00852nam a2200241 a 4500
003 - IDENTIFICADOR DEL NÚMERO DE CONTROL
campo de control MX-MxUPN
005 - FECHA Y HORA DE LA ÚLTIMA TRANSACCIÓN
campo de control 20240925065032.0
008 - ELEMENTOS DE LONGITUD FIJA--INFORMACIÓN GENERAL
campo de control de longitud fija 991125s1959 ag r 000 0 spa d
035 ## - NÚMERO DE CONTROL DEL SISTEMA
Número de control de sistema UPN01000049637
040 ## - FUENTE DE LA CATALOGACIÓN
Centro catalogador/agencia de origen MX-MxUPN
Lengua de catalogación spa
Centro/agencia transcriptor MX-MxUPN
041 0# - CÓDIGO DE IDIOMA
Código de lengua del texto/banda sonora o título independiente spa
050 14 - SIGNATURA TOPOGRÁFICA DE LA BIBLIOTECA DEL CONGRESO
Número de clasificación BF697
Número de documento/Ítem A36
100 1# - ASIENTO PRINCIPAL--NOMBRE PERSONAL
Nombre de persona Adler, Alfred,
Fechas asociadas al nombre 1870-1937
9 (RLIN) 28027
245 13 - MENCIÓN DE TÍTULO
Título La psicología individual de Alfred Adler :
Resto del título presentación sistemática de una selección de sus escritos
260 ## - PUBLICACIÓN, DISTRIBUCIÓN, ETC.
Lugar de publicación, distribución, etc. Buenos Aires :
Nombre del editor, distribuidor, etc. Troquel,
Fecha de publicación, distribución, etc. 1959.
300 ## - DESCRIPCIÓN FÍSICA
Extensión 570 páginas
650 #4 - ASIENTO SECUNDARIO DE MATERIA - TERMINO TEMATICO
Término de materia o nombre geográfico como elemento de entrada Individualidad
9 (RLIN) 13038
650 #4 - ASIENTO SECUNDARIO DE MATERIA - TERMINO TEMATICO
Término de materia o nombre geográfico como elemento de entrada Psicología
9 (RLIN) 38
650 #4 - ASIENTO SECUNDARIO DE MATERIA - TERMINO TEMATICO
Término de materia o nombre geográfico como elemento de entrada Yo, Él (Psicología)
9 (RLIN) 7691
700 1# - ASIENTO SECUNDARIO--NOMBRE DE PERSONAL
Nombre de persona Ansbacher, Heinz Ludwig,
Fechas asociadas al nombre 1904-2006
9 (RLIN) 31160
Término indicativo de función/relación compilación
710 2# - ASIENTO SECUNDARIO - NOMBRE CORPORATIVO
Nombre de entidad corporativa o nombre de jurisdicción como elemento de entrada Centro Nacional de Documentación e Información Educativa (México)
9 (RLIN) 51353
Término indicativo de función/relación propietario anterior
942 ## - ELEMENTOS DE PUNTO DE ACCESO ADICIONAL (KOHA)
Fuente del sistema de clasificación o colocación Library of Congress Classification
Tipo de ítem Koha Libro
Holdings
Estado de retiro Estado de pérdida Fuente del sistema de clasificación o colocación Estado dañado No para préstamo Código de colección Localización permanente Ubicación/localización actual Ubicación en estantería Fecha de adquisición Total de préstamos Clasificación Código de barras Fecha visto por última vez Tipo de ítem Koha Número de copia
    Library of Congress Classification     Colección General Bib. Gregorio Torres Quintero Bib. Gregorio Torres Quintero Planta baja 05/08/2024 4 BF697 A3.6 12593 31/12/2020 Libro  
    Library of Congress Classification   Disponible (Previa cita) Fondo Reservado de libros Bib. Gregorio Torres Quintero Bib. Gregorio Torres Quintero Sala de Fondos Reservados Planta alta 08/08/2024 2 BF697 A3.6 12594 31/12/2020 Libro 1